000 00797nam a2200265Ia 4500
003 OSt
005 20221006151836.0
006 a|||||r|||| 00| 0
007 ta
008 221006b |||||||| |||| 00| 0 eng d
020 _c472.00
024 _a23,600
037 _cTextual
040 _aEASL
_cEASL
_beng
041 _2eng
_aeng
082 _aQ841.N8a, M5
100 _aTHOMPSON Laurence G
_9455796
245 0 _aChinese religion in Western languages
_b A comprehensive and classified bibliography of publication in English, French, and German through 1980
260 _aTucson
_bUniversity of Arizona Press
_c1985
300 _a302p.
_ccm.
490 _v BB
650 _aCEL
942 _hQ841.N8a, M5
_cTEXL
_2CC
999 _c1091686
_d1091686